Cơ sở tính toán cầu chịu tải trọng của động đất

Guardado en:
Detalles Bibliográficos
Autor principal: Nguyễn, Viết Trung
Formato: Libro
Lenguaje:Undetermined
Publicado: Hà Nội Giao thông vận tải 2004
Materias:
Etiquetas: Agregar Etiqueta
Sin Etiquetas, Sea el primero en etiquetar este registro!
Thư viện lưu trữ: Trung tâm Học liệu Trường Đại học Cần Thơ
LEADER 00661nam a2200205Ia 4500
001 CTU_96566
008 210402s9999 xx 000 0 und d
020 |c 25000 
082 |a 693.54 
082 |b Tr513 
100 |a Nguyễn, Viết Trung 
245 0 |a Cơ sở tính toán cầu chịu tải trọng của động đất 
245 0 |c Nguyễn Viết Trung, Nguyễn Thanh Hà 
260 |a Hà Nội 
260 |b Giao thông vận tải 
260 |c 2004 
650 |a Structural engineering,Bridges 
650 |x Design and construction 
904 |i Tuyến 
980 |a Trung tâm Học liệu Trường Đại học Cần Thơ